| 000 | 004460000a22001690004500 | ||
|---|---|---|---|
| 041 | 0 | _aSPA | |
| 082 | 0 | 4 | _aG 261.8 M1533r |
| 100 | 1 | _aMackay, Juan A. (Alexander) (1889-) | |
| 245 | 1 | 0 | _aLa responsabilidad evangélica en la realidad nacional / Juan A Mackay |
| 250 | _a2 | ||
| 300 | _a100 Pag | ||
| 001 | 6878 | ||
| 942 | _cBK | ||
| 999 |
_c37128 _d37128 |
||
| 336 |
_atexto _btxt _2rdacontent |
||
| 337 |
_2rdamedia _asin mediación _bn |
||
| 338 |
_2rdacarrier _avolumen _bnc |
||